000 00289nam a2200133Ia 4500
100 _aFowlar.
650 _aGeneral
942 _cBK
654 _aGeneral
245 _aThe concise oxford dictionary.
260 _bOxford & IBH publishing co.
_c2001
082 _a423
546 _aENGLISH
999 _c31451
_d31451